| 000 -ლიდერი |
| ფიქსირებული სიგრძის საკონტროლო ველი |
01280nam a22002417a 4500 |
| 003 - საკონტროლო ნომრის იდენტიფიკატორი |
| საკონტროლო ველი |
Ge_BSU |
| 005 - ბოლო ოპერაციის თარიღი და დრო |
| საკონტროლო ველი |
20200825130219.0 |
| 008 - ფიქსირებული სიგრძის მონაცემთა ელემენტები - ზოგადი ინფორმაცია |
| ფიქსირებული სიგრძის საკონტროლო ველი |
200825s2001 ge ||||| |||| 00| 0 geo d |
| 041 ## - ენის კოდი |
| Language code of text/sound track or separate title |
გეო |
| 080 ## - უნივერსალური ათობითი კლასიფიკაციის ინდექსი |
| Universal Decimal Classification number |
321(479.22)(09)+34(479.22)(09) ლ-76 |
| 100 ## - მთავარი ჩანაწერი - პიროვნების სახელი |
| Personal name |
ლობჟანიძე, გივი |
| 9 (RLIN) |
4775 |
| 245 ## - ცნობა სათაურის შესახებ |
| Title |
ქართული სახელმწიფოსა და სამართლის ისტორია / |
| Statement of responsibility, etc |
[რედ.: როინ მეტრეველი, გიორგი ნადარეიშვილი]. |
| 264 ## - წარმოების, გამოცემის, დისტრიბუციის და სხვა ცნობები |
| გამოცემის, წარმოების, დისტრიბუციის... ადგილი |
თბ. : |
| გამოცემის, წარმოების, დისტრიბუციის... სახელწოდება |
ტექნ. უნ-ტი, |
| გამოცემის, წარმოების, დისტრიბუციის... თარიღი |
2001. |
| 300 ## - ფიზიკური აღწერა |
| Extent |
620 გვ. ; |
| Other physical details |
20 სმ. |
| 504 ## - BIBLIOGRAPHY, ETC. NOTE |
| Bibliography, etc |
ბიბლიოგრ. ტექსტის შენიშვნ. |
| 520 ## - SUMMARY, ETC. |
| Summary, etc |
რეზ. ქართ., რუს. და ინგლ. ენ. |
| 653 ## - INDEX TERM--UNCONTROLLED |
| Uncontrolled term |
ქართული სახელმწიფოს ისტორია. |
| 653 ## - INDEX TERM--UNCONTROLLED |
| Uncontrolled term |
ქართული სამართლის ისტორია |
| 653 ## - INDEX TERM--UNCONTROLLED |
| Uncontrolled term |
სამართალი |
| 700 ## - ADDED ENTRY--PERSONAL NAME |
| Personal name |
ნადარეიშვილი, გიორგი |
| Relator term |
რედაქტორი |
| 9 (RLIN) |
9319 |
| 700 ## - ADDED ENTRY--PERSONAL NAME |
| Personal name |
მეტრეველი, როინ |
| Relator term |
რედაქტორი |
| 9 (RLIN) |
9320 |
| 942 ## - ADDED ENTRY ELEMENTS (KOHA) |
| Source of classification or shelving scheme |
|
| Koha item type |
წიგნი |